000 00489nab a2200145Ia 4500
003 ES-SlBCS
005 20210601130452.0
008 140529s1953 xxu||||| |||| 00| 0 fre d
041 _afre
100 1 _aMoreau, Joseph
_919057
245 0 0 _aL'Idée d'univers dans la pensée antique. III. L'ontologie de Plotin
_c Joseph Moreau
650 0 4 _aUniverso-Pensamiento Antiguo
_9173353
773 0 _tGiornali di Metafisica
_gvol. 8, nº. 1-3, 1953, págs. 88-112/324-343
_w0017-0372
942 _cAR
999 _c547202
_d547202